02970cam a2200313 i 450000100090000000300040000900500170001300800410003001000170007102000190008804000270010704200080013405000170014208200150015924501170017426400460029130000590033733600260039633700280042233800270045049000370047750400510051450519700056565000180253565000260255365000270257970000220260670000280262819977332OSt20240823124507.0170905s2018 maua b 001 0 eng  a 2017954104 a9780323480635  aDLCbengcLCerdadDLC apcc00aR857.N34.N3500a610.2822300aNanotechnologies in preventive and regenerative medicine. /c[edited by] Vuk Uskoković, Dragon P. Uskoković. 1aAmsterdam, Netherlands:bElsevier,c2018. axxv, 590 pages :billustrations (some color) ;c25 cm. atextbtxt2rdacontent aunmediatedbn2rdamedia avolumebnc2rdacarrier0 aMicro & nano technologies series aIncludes bibliographical references and index. aContents: Nanotechnologies for early diagnosis, in situ disease monitoring and prevention: Fluorescent nanodiamond for Tracking the engraftment and Repair of Lung Stem Cells -- Antiretroviral drug-loaded nanosystems for preventing HIV transmission -- Surface-enhanced Raman scattering (SERS) methods for diagnosis of infectious diseases -- Radiolabeled functional nanoparticles in preventive and regenerative medicine -- Nanotechnologies for Tissue Engineering and Regeneration: Nanoengineered/Nanopatterned materials for cell and tissue guidance -- Nanotechnologies for tissue engineering and regeneration: Nanoengineered/Nanopatterned materials for cell and tissue guidance -- Microneedles in Nanomedicine Delivery -- Nano-Engineered Titania nanotube arrays for localized drug delivery and enhanced osseointegration -- Nanostructured scaffolds made of self-assembling proteins -- Understanding and Utilizing the biomolecule/nanosystems interface: Biomolecule immobilization and delivery strategies for controlling immune response -- Nanoproteomics approaches in biomarker discovery. The critical role of protein corona on nanoparticles as drug carriers -- Soft materials and coatings for controlled drug release -- Dual function nanoconjugates for biomedical imaging and targeted drug delivery -- 3D Printing: prospects and challenges: Smart 3D printing and nanomaterials for tissue regeneration -- Nanomaterials in 3D bioprinting - current approaches and future possibilities -- Environmental assessment of medical nanotechnologies: What we have learnt from the life-cycle impacts of nanosilver products -- Targeted and theranostic applications for nanotechnologies in medicine: Multifunctional magnetic nanoparticles for cancer treatment -- Cell-surface engineering with magnetic nanoparticles for regenerative and bioanalytical applications -- Nanostructured calcium phosphates in theranostic nanomedicine -- Nanoparticles for brain tumor targeting --  0aNanomedicine. 0aMedicine, Preventive. 0aRegenerative medicine.1 aUskoković, Vuk,1 aUskoković, Dragan P.,